000 00803cam a2200253 a 4500
001 14529131
005 20180206042309.0
008 060831s2008 maua b 001 0 eng
010 _a 2006047176
020 _a9780073103495 (acidfree paper)
020 _a0073103497
040 _aDLC
_cDLC
_dDLC
041 _aeng
043 _an-us---
080 _a320.473 THO
082 0 0 _a320.473 THO
_222
100 1 _a21
101 _aPOL
245 1 4 _aThe American democracy /
_cThomas E. Patterson.
504 _aIncludes bibliographical references and index.
906 _a7
_bcbc
_corignew
_d1
_eocip
_f20
_gy-gencatlg
942 _2ddc
_cBK
999 _c41889
_d41889